000 00649nam a2200217Ii 4500
001 19133
003 CO-ViMGA
008 241108s9999||||xx |||||||||||||| ||und||
020 _a9789588598024
040 _aCO-ViMGA
_bspa
_erda
_cCO-ViMGA
041 0 _aspa
082 0 4 _a631.4 S61c
110 1 _aSociedad Colombiana de la Ciencia del Suelo
_953102
245 1 0 _aCiencia del suelo:
_bPrincipios básicos
264 1 _aBogotá, Colombia : Guadalupe, 2010
300 _avolumen
336 _atext
_btxt
_2rdacontent
337 _aunmediated
_bn
_2rdamedia
338 _avolume
_bnc
_2rdacarrier
940 _aidficha_siabuc: 18790. -- ficha_no_siabuc:19133
999 _c48899
_d48899